| 000 | 00569nam a2200229Ia 4500 | ||
|---|---|---|---|
| 008 | 161112s9999 xx 000 0 und d | ||
| 020 | _a978-1-84543-165-5 | ||
| 050 | _aCUL TP 577 | ||
| 050 | _b.C35 2006 | ||
| 100 | _aCalagione, Sam. | ||
| 245 | 3 | _aAn Enthusiast's guide to homebrew beers / | |
| 245 | 0 | _cSam Calagione. | |
| 260 | _aUnited Kingdom : | ||
| 260 | _bApple Press, | ||
| 260 | _c2006 | ||
| 300 | _a184 pages : | ||
| 300 | _bcolor illustrations ; | ||
| 300 | _c26 cm. | ||
| 500 | _aIncludes index. | ||
| 650 | _aBrewing. | ||
| 650 | _xBeer. | ||
| 999 |
_c305227 _d305227 |
||